[Event "YUG-ch2 (Women)"]
[Site "Vrnjacka Banja"]
[Date "1996.??.??"]
[Round "?"]
[White "Maksimovic, Suzana"]
[Black "Trosic, Galina"]
[Result "1-0"]
[WhiteElo "2285"]
[BlackElo "2070"]
[PlyCount "83"]
[EventDate "1996.??.??"]
[EventType "tourn"]
[EventRounds "11"]
[EventCountry "YUG"]
[SourceTitle "EXT 1998"]
[Source "ChessBase"]
[SourceDate "1997.11.17"]
[SourceVersion "1"]
[SourceVersionDate "1997.11.17"]
[SourceQuality "1"]

1. d4 e6 2. e4 d5 3. e5 c5 4. c3 Nc6 5. Nf3 Qc7 6. Na3 a6 7. Bd3 Nge7 8. 0-0 f5 9. Re1 Ng6 10. Nc2 c4 11. Bf1 Be7 12. Bg5 0-0 13. Qd2 f4 14. b3 b5 15. Bxe7 Ncxe7 16. Rec1 Nf5 17. Nce1 Nfh4 18. Qd1 Qe7 19. a4 Bb7 20. axb5 axb5 21. b4 Bc6 22. Rxa8 Rxa8 23. Ra1 Ra4 24. Nxh4 Nxh4 25. Nc2 Qg5 26. Kh1 Rxa1 27. Nxa1 Be8 28. Nc2 Bh5 29. Qc1 Qf5 30. Ne1 Qe4 31. f3 Qf5 32. Qc2 Qg5 33. Qd2 Nf5 34. Nc2 Nh4 35. Ne1 Nf5 36. g4 Ne3 37. gxh5 Nxf1 38. Qg2 Qxg2+ 39. Nxg2 Nd2 40. Nxf4 Nxf3 41. Nxe6 Kf7 42. Nf4 1-0

[Event "YUG-chT (Women)"]
[Site "Tivat"]
[Date "1995.??.??"]
[Round "10"]
[White "Paramentic, Mila"]
[Black "Trosic, Galina"]
[Result "1/2-1/2"]
[WhiteElo "2095"]
[BlackElo "2060"]
[PlyCount "46"]
[EventDate "1995.??.??"]
[EventType "team"]
[EventRounds "11"]
[EventCountry "YUG"]
[SourceTitle "EXT 1997"]
[Source "ChessBase"]
[SourceDate "1996.11.15"]
[SourceVersion "1"]
[SourceVersionDate "1996.11.15"]
[SourceQuality "1"]

1. e4 d6 2. d4 Nf6 3. Nc3 Nbd7 4. Nf3 e5 5. dxe5 dxe5 6. Bc4 h6 7. 0-0 Be7 8. Re1 c6 9. a3 a5 10. h3 0-0 11. Be3 Qc7 12. Ba2 Rd8 13. Nh4 Bc5 14. Qf3 Bxe3 15. Rxe3 Nf8 16. Nf5 Kh7 17. Rd1 Be6 18. Red3 Rxd3 19. Rxd3 Rd8 20. Bxe6 Nxe6 21. Qd1 Rxd3 22. Qxd3 g6 23. Ng3 Qd7 1/2-1/2

[Event "YUG-chT (Women)"]
[Site "Tivat"]
[Date "1995.??.??"]
[Round "6"]
[White "Strutinskaya, Galina N"]
[Black "Trosic, Galina"]
[Result "1-0"]
[WhiteElo "2330"]
[BlackElo "2060"]
[PlyCount "118"]
[EventDate "1995.??.??"]
[EventType "team"]
[EventRounds "11"]
[EventCountry "YUG"]
[SourceTitle "EXT 1997"]
[Source "ChessBase"]
[SourceDate "1996.11.15"]
[SourceVersion "1"]
[SourceVersionDate "1996.11.15"]
[SourceQuality "1"]

1. d4 e6 2. c4 f5 3. Nf3 Nf6 4. g3 d5 5. Bg2 c6 6. 0-0 Be7 7. Qc2 0-0 8. b3 Ne4 9. Bb2 Nd7 10. Ne5 Ndf6 11. f3 Nd6 12. Nd2 Qe8 13. c5 Nf7 14. Nd3 Bd8 15. b4 Bc7 16. Qc3 Ng5 17. e3 Qh5 18. a4 Nh3+ 19. Bxh3 Qxh3 20. Nf2 Qh6 21. Rab1 Bd7 22. Bc1 Nh5 23. Kg2 Qg6 24. f4 Nf6 25. Nf3 Ne4 26. Qc2 Be8 27. Bd2 Qf6 28. Rb3 h6 29. Nd3 g5 30. b5 gxf4 31. exf4 Rf7 32. Rfb1 Rg7 33. Be1 h5 34. Kf1 h4 35. Nxh4 Qxd4 36. Bc3 Nxc3 37. Rxc3 Bh5 38. Nf2 Ba5 39. Rd3 Qf6 40. Qb2 Bd8 41. Nf3 Qxb2 42. Rxb2 Be7 43. Nd4 Bf6 44. bxc6 bxc6 45. Rbb3 Be8 46. Nxe6 Re7 47. Nd4 Bd7 48. Nf3 Bc8 49. Kg2 Ba6 50. Re3 Bc4 51. Rxe7 Bxe7 52. Rb7 Bxc5 53. Ne5 Ba6 54. Rc7 d4 55. Nxc6 d3 56. Rd7 d2 57. Ne5 Bb4 58. g4 fxg4 59. Nfxg4 Kf8 1-0

[Event "YUG-chT (Women)"]
[Site "Tivat"]
[Date "1995.??.??"]
[Round "9"]
[White "Trosic, Galina"]
[Black "Maksimovic, Suzana"]
[Result "0-1"]
[WhiteElo "2060"]
[BlackElo "2190"]
[PlyCount "104"]
[EventDate "1995.??.??"]
[EventType "team"]
[EventRounds "11"]
[EventCountry "YUG"]
[SourceTitle "EXT 1997"]
[Source "ChessBase"]
[SourceDate "1996.11.15"]
[SourceVersion "1"]
[SourceVersionDate "1996.11.15"]
[SourceQuality "1"]

1. e4 c5 2. d3 Nc6 3. g3 g6 4. Bg2 Bg7 5. Nc3 e6 6. Be3 d6 7. f4 Nge7 8. Nf3 Nd4 9. 0-0 Rb8 10. Qd2 Qa5 11. g4 f5 12. gxf5 gxf5 13. Qf2 Nxf3+ 14. Bxf3 0-0 15. Kh1 Ng6 16. Rg1 Qd8 17. Bh5 Qf6 18. Qg3 Bd7 19. h3 Be8 20. Rae1 b6 21. Re2 Kh8 22. Reg2 Rg8 23. Qf2 Qh4 24. Qxh4 Nxh4 25. Rg5 Bxh5 26. Rxh5 Bf6 27. e5 Rxg1+ 28. Bxg1 dxe5 29. fxe5 Be7 30. Nb5 Rg8 31. Bf2 Ng2 32. Rh6 Nf4 33. Be3 Ng6 34. Nc7 f4 35. Bf2 Bg5 36. Rh5 Nf8 37. h4 Bd8 38. Ne8 Nd7 39. Nd6 Kg7 40. Ne4 Kg6 41. Rg5+ Bxg5 42. Nxg5 Re8 43. d4 cxd4 44. Bxd4 Kf5 45. Nf7 Rf8 46. Nd6+ Kg4 47. Nb5 f3 48. Kg1 Nxe5 49. Nc7 Nc6 50. Nxe6 Re8 51. Ng7 Re1+ 52. Kf2 Re2+ 0-1

[Event "YUG-chT (Women)"]
[Site "Tivat"]
[Date "1995.??.??"]
[Round "4"]
[White "Trosic, Galina"]
[Black "Tomasevic, Tanja"]
[Result "0-1"]
[WhiteElo "2060"]
[BlackElo "2140"]
[PlyCount "74"]
[EventDate "1995.??.??"]
[EventType "team"]
[EventRounds "11"]
[EventCountry "YUG"]
[SourceTitle "EXT 1997"]
[Source "ChessBase"]
[SourceDate "1996.11.15"]
[SourceVersion "1"]
[SourceVersionDate "1996.11.15"]
[SourceQuality "1"]

1. e4 c5 2. d3 Nc6 3. g3 d5 4. Nd2 Nf6 5. Bg2 e6 6. Ngf3 Be7 7. 0-0 b6 8. e5 Nd7 9. Re1 Bb7 10. Nf1 h6 11. h3 Qc7 12. Qe2 0-0-0 13. a4 g5 14. c3 Rdg8 15. d4 h5 16. Rd1 g4 17. hxg4 Rxg4 18. N3h2 Rg7 19. Bf3 h4 20. g4 Rhg8 21. Bg2 Ndxe5 22. dxe5 Nxe5 23. Bf4 Bd6 24. Bxe5 Bxe5 25. Re1 Bd6 26. Bh3 Kb8 27. Nf3 Bc8 28. Ne3 f5 29. g5 Bf4 30. Kf1 Bxg5 31. Nxg5 Rxg5 32. Ng2 f4 33. Qf3 Ba6+ 34. Kg1 e5 35. Kh2 e4 36. Qd1 f3+ 37. Kh1 Rxg2 0-1

[Event "YUG-chT Cup (Women)"]
[Site "Becici"]
[Date "1994.??.??"]
[Round "3"]
[White "Galliamova, Alisa"]
[Black "Trosic, Galina"]
[Result "1-0"]
[WhiteElo "2450"]
[BlackElo "2035"]
[PlyCount "59"]
[EventDate "1994.??.??"]
[EventType "team"]
[EventRounds "6"]
[EventCountry "YUG"]
[SourceTitle "EXT 2002"]
[Source "ChessBase"]
[SourceDate "2001.11.25"]
[SourceVersion "1"]
[SourceVersionDate "2001.11.25"]
[SourceQuality "1"]

1. d4 e6 2. c4 f5 3. Nf3 Nf6 4. Nc3 Be7 5. h3 d5 6. Bf4 c6 7. e3 Nbd7 8. Qc2 Ne4 9. a3 a5 10. g4 Ndf6 11. Bd3 Nxc3 12. Qxc3 Ne4 13. Qc2 Bh4 14. Nxh4 Qxh4 15. gxf5 exf5 16. Rh2 Be6 17. 0-0-0 Qe7 18. c5 b6 19. f3 Ng5 20. Rf1 Nf7 21. h4 Qf6 22. Rg1 Rg8 23. Kb1 h6 24. Qb3 Bc8 25. Qxb6 g5 26. hxg5 hxg5 27. Qc7 Rg7 28. Be5 Qg6 29. Bxg7 Qxg7 30. Rgh1 1-0

[Event "YUG-chT Cup (Women)"]
[Site "Becici"]
[Date "1994.??.??"]
[Round "4"]
[White "Trosic, Galina"]
[Black "Nestorovic, Irena"]
[Result "1-0"]
[WhiteElo "2035"]
[BlackElo "2020"]
[PlyCount "105"]
[EventDate "1994.??.??"]
[EventType "team"]
[EventRounds "6"]
[EventCountry "YUG"]
[SourceTitle "EXT 2002"]
[Source "ChessBase"]
[SourceDate "2001.11.25"]
[SourceVersion "1"]
[SourceVersionDate "2001.11.25"]
[SourceQuality "1"]

1. e4 e5 2. d3 Bc5 3. Nf3 d6 4. g3 Nc6 5. Bg2 Nge7 6. Nbd2 0-0 7. 0-0 f5 8. Nb3 Bb6 9. c3 Qe8 10. Qe2 f4 11. gxf4 exf4 12. d4 Bg4 13. Kh1 Qh5 14. Nbd2 Kh8 15. Qd3 Rf6 16. Rg1 Rg8 17. Bf1 Rh6 18. Rg2 g5 19. Ng1 Ng6 20. Be2 Bxe2 21. Qxe2 Nh4 22. Qxh5 Rxh5 23. Rg4 Nd8 24. Ndf3 Nxf3 25. Nxf3 Nf7 26. Ne1 c5 27. dxc5 Ne5 28. Rg2 dxc5 29. b3 Rd8 30. c4 Bc7 31. f3 h6 32. Rd2 Kg7 33. Rxd8 Bxd8 34. Bb2 Bf6 35. Rd1 g4 36. Bxe5 Rxe5 37. Rd7+ Kg6 38. Nd3 Re7 39. Nxf4+ Kg5 40. Rxe7 Bxe7 41. Nd5 Bd6 42. fxg4 Kxg4 43. Kg2 h5 44. h3+ Kh4 45. Ne3 Bb8 46. Nf5+ Kg5 47. Kf3 Kf6 48. Ke3 Kg5 49. Ne7 Kh4 50. e5 Kxh3 51. e6 Bd6 52. Nf5 Bf8 53. Kf3 1-0

[Event "YUG-chT (Women)"]
[Site "Becici"]
[Date "1993.??.??"]
[Round "?"]
[White "Trosic, Galina"]
[Black "Bojkovic, Natasa"]
[Result "1-0"]
[WhiteElo "2025"]
[BlackElo "2385"]
[PlyCount "136"]
[EventDate "1993.??.??"]
[EventType "team"]
[EventRounds "6"]
[EventCountry "YUG"]
[SourceTitle "EXT 1997"]
[Source "ChessBase"]
[SourceDate "1996.11.15"]
[SourceVersion "1"]
[SourceVersionDate "1996.11.15"]
[SourceQuality "1"]

1. e4 e6 2. d3 d5 3. Nd2 c5 4. g3 Nc6 5. Bg2 Nf6 6. Ngf3 Be7 7. 0-0 Qc7 8. Re1 d4 9. e5 Nd5 10. Nf1 Bd7 11. Bd2 h6 12. h3 0-0-0 13. c4 Nb6 14. a3 g5 15. b4 Rdg8 16. b5 Nb8 17. a4 Be8 18. Qb3 N6d7 19. a5 Qd8 20. Qd1 h5 21. N3h2 Nf8 22. Qf3 Qc7 23. Reb1 Ng6 24. b6 axb6 25. Rxb6 Bc6 26. Qxf7 Kd7 27. Bxg5 Bxg2 28. Qxe6+ Kd8 29. Bxe7+ Nxe7 30. Qd6+ Nd7 31. Kxg2 Nc8 32. Qxc7+ Kxc7 33. Re6 Na7 34. Nd2 Nc6 35. f4 Rg7 36. Ne4 Nb4 37. Nf2 Nc2 38. Ra2 Ne3+ 39. Kf3 Rhg8 40. Ne4 Nf8 41. Rf6 Nd7 42. Re6 Nf8 43. Rb6 Nd7 44. Rb1 Rf8 45. Ke2 h4 46. g4 Ng2 47. f5 Nxe5 48. Nxc5 Nf4+ 49. Kd2 Kc8 50. a6 bxa6 51. Rxa6 Rff7 52. Ne6 Nxe6 53. Rxe6 Nd7 54. Rd6 Rxf5 55. gxf5 Rg2+ 56. Kd1 Rxh2 57. Rxd4 Rxh3 58. Kc2 Rh2+ 59. Kc3 h3 60. Rf1 Rg2 61. Rh4 h2 62. Rh1 Rf2 63. Rh5 Nf6 64. R1xh2 Rf3 65. R2h3 Rf1 66. Rg5 Kd7 67. Rh6 Ke7 68. Rg7+ Kf8 1-0

[Event "YUG-chT (Women)"]
[Site "Becici"]
[Date "1993.??.??"]
[Round "?"]
[White "Trosic, Galina"]
[Black "Stankovic, Marija"]
[Result "0-1"]
[WhiteElo "2025"]
[BlackElo "2120"]
[PlyCount "126"]
[EventDate "1993.??.??"]
[EventType "team"]
[EventRounds "6"]
[EventCountry "YUG"]
[SourceTitle "EXT 1997"]
[Source "ChessBase"]
[SourceDate "1996.11.15"]
[SourceVersion "1"]
[SourceVersionDate "1996.11.15"]
[SourceQuality "1"]

1. e4 c5 2. Nc3 e6 3. g3 Nc6 4. Bg2 g6 5. d3 Bg7 6. f4 d6 7. Nf3 Nge7 8. Be3 0-0 9. 0-0 Rb8 10. d4 b6 11. Qd2 Ba6 12. Rfd1 Qc7 13. Qf2 Na5 14. Nd2 Nec6 15. d5 Nd4 16. Nf3 e5 17. b3 Nxf3+ 18. Qxf3 exf4 19. Bxf4 Rbe8 20. Rd2 b5 21. Re1 b4 22. Nd1 f5 23. e5 Bxe5 24. Bxe5 Qe7 25. Re3 dxe5 26. d6 Qe6 27. Qd5 Qxd5 28. Rxd5 e4 29. g4 Nb7 30. gxf5 gxf5 31. Nb2 Bb5 32. Nc4 Bxc4 33. bxc4 Re6 34. Bh3 Nxd6 35. Rg3+ Kh8 36. Rxc5 e3 37. Kf1 Ne4 38. Rxf5 Nxg3+ 39. hxg3 Rd8 40. Rd5 Rf8+ 41. Bf5 Ref6 42. g4 h5 43. Ke2 hxg4 44. Bxg4 Re8 45. Kd3 Rf2 46. Be2 Rf6 47. c3 bxc3 48. Kxc3 Ra6 49. Kb3 Rb8+ 50. Rb5 Rxb5+ 51. cxb5 Rd6 52. Kc3 Kg7 53. a4 Kf6 54. a5 Ke5 55. b6 axb6 56. a6 Rd7 57. Bb5 Rc7+ 58. Kd3 Kf4 59. Ke2 Rc2+ 60. Kd1 Rb2 61. Bc4 Kf3 62. a7 Rb1+ 63. Kc2 Ra1 0-1